Riconosci il Pokémon - Quiz n°925 - Statistics

Statistiche generali
  • Questo quiz è stato fatto 0 volte
  • Il punteggio medio è 0 su 10
Statistiche sulle risposte
Indizio Risposta % Corretto
Altezza 1,60 m
0%
Tasso di cattura 45 (11.9%)
0%
Peso 48,4 kg
0%
Sesso 50% ♂, 50% ♀
0%
Pokémon Gardevoir
0%
Tasso di allevamento Lento
0%
Tipo Psico / Folletto
0%
Stadio evoluzione Seconda evoluzione
0%
Abilità Sincronismo; Traccia; Telepatia; Pellefolletto (Megaevoluzione)
0%
Generazione Terza
0%
Nessun quiz corrispondente trovato
Distribuzione punteggi
Percentuale di utenti per punteggio
Percentile per numero di risposta
I tuoi punteggi nel tempo
Non hai fatto questo quiz